Statistics for The Elder Scrolls Lore Quiz

Click here to take the quiz!

General Stats

  • This quiz has been taken 30 times
  • The average score is 11 of 20

Answer Stats

HintAnswer% Correct
Capital of Cyrodiil.Imperial City
100%
Name of an Illegal Narcotic made from Moon Sugar.Skooma
100%
This cyrodiilic city was destroyed after daedric forces attacked it.Kvatch
92%
Main antagonist of Oblivion.Mehrunes Dagon
92%
Daedric god of War, Conquest.Molag Bal
85%
The cult of Daedra Worshippers who were responsible for the death of Uriel Septim VII.Mythic Dawn
73%
Sheogorath (The Daedric Prince of Madness)'s Realm is called:The Shivering Isles
73%
Name of a catastrophic event that led to Vvardenfell's destruction.Red Year
69%
Cyrodiil is divided in two halves, the westernmost one is:Colovia
54%
The current known Grandmaster of the Greybeards on High Hrothgar.Paarthurnax
50%
Name of a rideable animal native to Morrowind and Black Marsh.Guar
46%
One of the 4 Akaviri Races "Snake-Folk"Tsaesci
46%
Cyrodil is divided in two halves, the easternmost one is:Nibenay
42%
One of the 4 Akaviri Races "Tiger-Dragon Empire"Ka Po'Tun
38%
This Dunmeri House was responsible for enslaving the ArgoniansHouse Dres
31%
One of the 4 Akaviri Races "Thousand Monkey Isles"Tang Mo
31%
Name of a famous Altmer navigator and explorer.Topal the Pilot
31%
One of the 4 Akaviri Races "Snow Hell"Kamal
27%
The current governing party of Black Marsh.An-Xileel
15%
This creature is the main antagonist of "The Elder Scrolls Travels: Dawnstar."Gehenoth
8%

Score Distribution

Percentile by Number Answered

Percent of People with Each Score

Your Score History

You have not taken this quiz